000 00515nam a2200181Ia 4500
005 20250508152141.0
008 008 250505s9999 xx 000 0 eng d
037 _aTextual
040 _aFEDL
_beng
_cFEDL
041 _aeng
_2eng
084 _a792, WHI
_qFEDL
100 _aWhite Edwin C
_9760882
245 0 _aProblems of acting and play production
260 _aLondon, UK
_bSir Isaac Pitman and Sons, Ltd
_c1957
300 _axiii,170p.
942 _cTEXL
_h792, WHI
999 _c1334580
_d1334580